[Event "Tournoi francophone 014 Groupe B"]
[Site "Skype"]
[Date "????.??.??"]
[Round "1.1"]
[White "Gharbi, Said"]
[Black "Marino, Giuseppe"]
[Result "0-1"]
[WhiteElo "1456"]
[BlackElo "1353"]
[PlyCount "155"]

1. e4 b6 2. d4 Bb7 3. Nc3 d6 4. Nf3 e6 5. Be2 g6 6. e5 d5 7. O-O h6 8. Re1 a6
9. Bf4 Bg7 10. Bg3 Ne7 11. Nh4 O-O 12. Bd3 Nd7 13. Nf3 Rc8 14. Ne2 c5 15. c3 c4
16. Bc2 b5 17. a4 Ra8 18. axb5 axb5 19. h3 Rxa1 20. Qxa1 Qa8 21. Rb1 Qxa1 22.
Rxa1 Ra8 23. Rxa8+ Bxa8 24. Nf4 Bb7 25. b3 Bc6 26. Nh2 cxb3 27. Bxb3 Nf5 28.
Ne2 Nxg3 29. Nxg3 Bf8 30. f4 Ba3 31. Nhf1 Bb2 32. Ne2 Ba3 33. Kh2 Kg7 34. Kg3
Bb7 35. Kg4 Ba6 36. Nfg3 b4 37. cxb4 Bxb4 38. Bd1 h5+ 39. Nxh5+ gxh5+ 40. Kxh5
f6 41. Ng3 f5 42. Nxf5+ exf5 43. Kg5 Nf8 44. Kxf5 Bc8+ 45. Kg5 Be7+ 46. Kh5 Ne6
47. f5 Nxd4 48. f6+ Bxf6 49. exf6+ Kxf6 50. g4 Ne6 51. h4 Ng7+ 52. Kh6 Kf7 53.
Kh7 d4 54. g5 Bf5+ 55. Kh8 d3 56. h5 d2 57. h6 Ne8 58. Bh5+ Bg6 59. Bd1 Bf5 60.
Bb3+ Kg6 61. h7 Kxg5 62. Kg8 Bxh7+ 63. Kxh7 Kf4 64. Bd1 Ke3 65. Kg6 Kf2 66. Kg5
Ke1 67. Bc2 Nd6 68. Kg4 Nc4 69. Kf3 Na3 70. Bb3 Nc4 71. Ke4 Nb2 72. Kd4 Ke2 73.
Kc3 Nd1+ 74. Kc2 Nf2 75. Bc4+ Ke1 76. Kc3 d1=Q 77. Bb3 Qd2+ 78. Kc4 0-1

[Event "Tournoi francophone 014 Groupe B"]
[Site "Skype"]
[Date "????.??.??"]
[Round "1.2"]
[White "Megelas, Florent"]
[Black "Gadow, Martin"]
[Result "1-0"]
[WhiteElo "1539"]
[BlackElo "1521"]
[PlyCount "55"]

1. e4 c5 2. Nf3 a6 3. d4 cxd4 4. Nxd4 e6 5. Nc3 Qc7 6. Be2 Nf6 7. Be3 Bb4 8.
O-O O-O 9. Bd2 Bc5 10. Be3 Nc6 11. Nxc6 Qxc6 12. Bxc5 Qxc5 13. Kh1 b5 14. Qd3
Bb7 15. f3 Rad8 16. Qd1 b4 17. Nb1 Qe5 18. c3 d5 19. Qb3 bxc3 20. Nxc3 Rb8 21.
exd5 Nxd5 22. Nxd5 Bxd5 23. Qd3 Rxb2 24. Rfe1 Rfb8 25. Rab1 h6 26. Rxb2 Rxb2
27. Rc1 Rxe2 28. Rc8# 1-0

[Event "Tournoi francophone 014 Groupe B"]
[Site "Skype"]
[Date "????.??.??"]
[Round "1.3"]
[White "Mantelli, Luca"]
[Black "Sauvaget, Joel"]
[Result "1/2-1/2"]
[WhiteElo "1370"]
[BlackElo "1290"]
[PlyCount "95"]

1. e4 e5 2. Nf3 d6 3. d4 exd4 4. Nxd4 Nf6 5. Nc3 a6 6. Be2 Be7 7. f3 O-O 8. Be3
Nbd7 9. Qd2 Ne5 10. h4 Re8 11. g4 Kh8 12. O-O-O c5 13. Nf5 Bxf5 14. gxf5 b5 15.
h5 Ng8 16. h6 Bf8 17. hxg7+ Bxg7 18. Qxd6 Qxd6 19. Rxd6 b4 20. Na4 Rec8 21.
Bxc5 Bf8 22. Rd5 Bxc5 23. Rxc5 Rxc5 24. Nxc5 a5 25. Rd1 f6 26. Rd5 Nf7 27. Nb7
a4 28. b3 axb3 29. axb3 Kg7 30. Kb2 Ne7 31. Rd7 Nc6 32. Bc4 Nce5 33. Rc7 Nxc4+
34. Rxc4 h5 35. Rd4 h4 36. Rd2 Kh6 37. Nc5 Kh5 38. Nd3 Rg8 39. Nf4+ Kh6 40. Rh2
Kg5 41. Rg2+ Kxf4 42. Rxg8 h3 43. Rg1 Kxf3 44. Kc1 h2 45. Kd1 hxg1=Q+ 46. Kd2
Qd4+ 47. Kc1 Kxe4 48. Kb1 1/2-1/2

[Event "Tournoi francophone 014 Groupe B"]
[Site "Skype"]
[Date "????.??.??"]
[Round "1.4"]
[White "Hurtado De Mendoza, Ramon Miguel"]
[Black "Pouteau, Pascal"]
[Result "1-0"]
[WhiteElo "1549"]
[BlackElo "1345"]
[PlyCount "53"]

1. e4 c6 2. Nc3 d5 3. Nf3 Bg4 4. h3 Bh5 5. g4 Bg6 6. exd5 cxd5 7. Ne5 e6 8. Qf3
Qf6 9. Bb5+ Kd8 10. Qxf6+ Nxf6 11. Nxg6 hxg6 12. Ne2 Nxg4 13. a3 Bc5 14. d4 Bd6
15. Bd2 a6 16. Bd3 Nc6 17. f3 Nf6 18. O-O-O Kd7 19. Bf4 Bxf4+ 20. Nxf4 Nxd4 21.
Bxg6 Rac8 22. c3 Nxf3 23. Bxf7 Ke7 24. Bxe6 Rc5 25. Bxd5 Nxd5 26. Ng6+ Kf7 27.
Nxh8+ 1-0

[Event "Tournoi francophone 014 Groupe B"]
[Site "Skype"]
[Date "????.??.??"]
[Round "1.5"]
[White "Le Brun, Yves"]
[Black "Leyton Calderon, Jairo Oswaldo"]
[Result "1/2-1/2"]
[WhiteElo "1338"]
[BlackElo "1526"]
[PlyCount "89"]

1. d4 Nf6 2. Bf4 g6 3. Nc3 d5 4. Qd2 Bg7 5. Bh6 O-O 6. Bxg7 Kxg7 7. h3 Na6 8.
a3 c5 9. Nf3 e6 10. e3 cxd4 11. exd4 Qa5 12. Bd3 Bd7 13. Ne5 Rfd8 14. Nxd7 Rxd7
15. Bxa6 Qxa6 16. f3 Rc8 17. Ne2 Rdc7 18. c3 Qc4 19. O-O b5 20. Rfc1 a5 21. g4
Qc6 22. h4 Qd6 23. g5 Nh5 24. Kg2 e5 25. dxe5 Qxe5 26. Qd4 Re8 27. Qxe5+ Rxe5
28. Rc2 Rce7 29. Kf2 Re3 30. Rd1 R7e5 31. Rd4 f6 32. f4 Re6 33. Rxd5 Rxe2+ 34.
Rxe2 Rxe2+ 35. Kf3 Rxb2 36. Rd7+ Kg8 37. Rd8+ Kf7 38. Rc8 Rb3 39. Rc5 Rxa3 40.
Ke4 Ra4+ 41. Kd5 Nxf4+ 42. Kd6 Rc4 43. Rxb5 Rxc3 44. Rb7+ Ke8 45. Rb8+ 1/2-1/2

[Event "Tournoi francophone 014 Groupe B"]
[Site "Skype"]
[Date "????.??.??"]
[Round "2.1"]
[White "Marino, Giuseppe"]
[Black "Leyton Calderon, Jairo Oswaldo"]
[Result "1/2-1/2"]
[WhiteElo "1353"]
[BlackElo "1526"]
[PlyCount "36"]

1. d4 Nf6 2. Nf3 g6 3. e3 Bg7 4. c3 O-O 5. Bd3 d6 6. O-O Nbd7 7. Re1 e5 8. dxe5
Nxe5 9. Nxe5 dxe5 10. h3 Bd7 11. e4 Qe7 12. Bg5 h6 13. Bxf6 Bxf6 14. Qe2 Rad8
15. Nd2 a6 16. Rad1 b5 17. a3 c5 18. Nf3 Be6 1/2-1/2

[Event "Tournoi francophone 014 Groupe B"]
[Site "Skype"]
[Date "????.??.??"]
[Round "2.2"]
[White "Pouteau, Pascal"]
[Black "Le Brun, Yves"]
[Result "1-0"]
[WhiteElo "1345"]
[BlackElo "1338"]
[PlyCount "147"]

1. Nf3 Nf6 2. d4 d5 3. c4 c6 4. Nc3 Bf5 5. Qb3 Qb6 6. Ne5 dxc4 7. Qxc4 Be6 8.
Qd3 Nbd7 9. Nf3 Nd5 10. e4 Nb4 11. Qd2 Nf6 12. a3 Na6 13. Be2 Bg4 14. O-O e6
15. e5 Nd5 16. Nxd5 cxd5 17. Qg5 Bxf3 18. Bxf3 h6 19. Qf4 Be7 20. Qg4 Bf8 21.
Rd1 Qd8 22. Bd2 Rc8 23. Bc3 Nb8 24. Rac1 Nc6 25. b4 h5 26. Qf4 g5 27. Qe3 Bg7
28. b5 Ne7 29. Qxg5 Nf5 30. Qxd8+ Kxd8 31. Bb2 h4 32. a4 Rxc1 33. Rxc1 Kd7 34.
Bg4 Bh6 35. Rc5 Bf8 36. Rc2 Be7 37. h3 Rc8 38. Rxc8 Kxc8 39. Bxf5 exf5 40. f4
Kd7 41. Kf2 Ke6 42. Kf3 Bb4 43. Ke2 Kd7 44. Bc1 Kc7 45. Bd2 Bxd2 46. Kxd2 Kb6
47. Kc3 a6 48. Kb4 a5+ 49. Kc3 Kc7 50. Kd3 b6 51. Ke3 Kd7 52. Kf3 Ke7 53. g4
hxg3 54. Kxg3 Kf8 55. Kh4 Ke7 56. Kg5 Ke6 57. h4 f6+ 58. Kg6 fxe5 59. h5 exf4
60. h6 f3 61. h7 f2 62. h8=Q f1=Q 63. Qe5+ Kd7 64. Qxd5+ Ke7 65. Qe5+ Kd7 66.
Qxf5+ Qxf5+ 67. Kxf5 Kd6 68. Ke4 Ke6 69. d5+ Kd6 70. Kd4 Kd7 71. Ke5 Ke7 72.
d6+ Kd7 73. Kd5 Kd8 74. Kc6 1-0

[Event "Tournoi francophone 014 Groupe B"]
[Site "Skype"]
[Date "????.??.??"]
[Round "2.3"]
[White "Sauvaget, Joel"]
[Black "Hurtado De Mendoza, Ramon Miguel"]
[Result "1/2-1/2"]
[WhiteElo "1290"]
[BlackElo "1549"]
[PlyCount "31"]

1. d4 Nf6 2. Bf4 e6 3. e3 d5 4. c4 c5 5. Nf3 Bd6 6. Bxd6 Qxd6 7. Nc3 O-O 8. Be2
Nc6 9. O-O b6 10. h3 Bb7 11. cxd5 Nxd5 12. Nxd5 Qxd5 13. dxc5 Qxc5 14. Rc1 Qe7
15. a3 Rac8 16. b4 1/2-1/2

[Event "Tournoi francophone 014 Groupe B"]
[Site "Skype"]
[Date "????.??.??"]
[Round "2.4"]
[White "Gadow, Martin"]
[Black "Mantelli, Luca"]
[Result "1/2-1/2"]
[WhiteElo "1521"]
[BlackElo "1370"]
[PlyCount "128"]

1. Nf3 d5 2. d4 Nf6 3. e3 Bf5 4. Bd3 Bxd3 5. cxd3 e6 6. O-O c5 7. dxc5 Bxc5 8.
d4 Bd6 9. Nc3 a6 10. a3 Nc6 11. Nd2 O-O 12. f4 Ne7 13. Nf3 Nf5 14. Ne5 Be7 15.
Qf3 Nd6 16. Bd2 Rc8 17. Rad1 Nd7 18. Bc1 f6 19. Nxd7 Qxd7 20. e4 dxe4 21. Nxe4
Rc4 22. Nc5 Qc7 23. Nxe6 Qb6 24. Nxf8 Bxf8 25. Qd5+ Kh8 26. Rfe1 Qd8 27. Re2
Qc8 28. Kf2 g6 29. b3 Rxc1 30. Rxc1 Qxc1 31. Qe6 Qxf4+ 32. Kg1 Qxd4+ 33. Kh1 f5
34. Qe5+ Qxe5 35. Rxe5 Kg7 36. a4 Kf7 37. Rc5 Ke6 38. Rc7 h5 39. Kg1 Ke5 40.
Kf1 Kf4 41. Ke2 g5 42. Rh7 h4 43. Rh8 Bg7 44. Rg8 Bf6 45. Rf8 Be7 46. Rg8 g4
47. Rg7 Bf6 48. Rg6 Be5 49. g3+ hxg3 50. hxg3+ Kxg3 51. Rh6 Kg2 52. Rg6 g3 53.
a5 f4 54. Kd3 f3 55. Rxd6 Bxd6 56. Ke4 f2 57. Kd5 Bb8 58. b4 f1=Q 59. b5 axb5
60. Ke6 b4 61. Kd5 b3 62. Ke6 b2 63. Kd5 b1=Q 64. a6 Qfd1+ 1/2-1/2

[Event "Tournoi francophone 014 Groupe B"]
[Site "Skype"]
[Date "????.??.??"]
[Round "2.5"]
[White "Gharbi, Said"]
[Black "Megelas, Florent"]
[Result "1-0"]
[WhiteElo "1456"]
[BlackElo "1539"]
[PlyCount "91"]

1. e4 c5 2. c3 Nc6 3. d4 cxd4 4. cxd4 e6 5. Bb5 a6 6. Bxc6 dxc6 7. Nf3 Nf6 8.
e5 Nd5 9. Nc3 Bb4 10. Bd2 O-O 11. O-O Qb6 12. Qb3 Nxc3 13. bxc3 Ba5 14. Qxb6
Bxb6 15. Bg5 Ba5 16. Rfc1 Bd7 17. Be7 Rfe8 18. Bd6 Rac8 19. Rab1 b5 20. c4 Bc7
21. Bc5 bxc4 22. Rxc4 Rb8 23. Rcb4 Rxb4 24. Rxb4 Rb8 25. a4 a5 26. Rxb8+ Bxb8
27. Bb6 Kf8 28. Bxa5 Ke8 29. Bb6 Bc8 30. Nd2 Ba6 31. Nb3 Bc4 32. Na5 Bd5 33.
Nb7 Kd7 34. Nc5+ Kc8 35. a5 Bc7 36. g4 h6 37. h4 g6 38. Kh2 f6 39. f4 f5 40.
gxf5 gxf5 41. h5 Kb8 42. Na6+ Kb7 43. Nxc7 Bc4 44. Kg3 Be2 45. Kh4 Bc4 46. Ne8
1-0

[Event "Tournoi francophone 014 Groupe B"]
[Site "Skype"]
[Date "????.??.??"]
[Round "3.1"]
[White "Megelas, Florent"]
[Black "Marino, Giuseppe"]
[Result "0-1"]
[WhiteElo "1539"]
[BlackElo "1353"]
[PlyCount "58"]

1. e4 b6 2. Nf3 Bb7 3. Nc3 a6 4. d4 d6 5. d5 g6 6. Be2 Bg7 7. O-O Nd7 8. Be3
Rc8 9. Qd2 c6 10. Bd4 Bxd4 11. Qxd4 Ngf6 12. Rfd1 O-O 13. h3 Nc5 14. b4 Ncd7
15. Nd2 cxd5 16. Nxd5 Nxd5 17. exd5 Rxc2 18. Rdc1 Rc8 19. Rc3 Nf6 20. Rac1 Rxc3
21. Rxc3 Nxd5 22. Rc1 b5 23. Bf3 Qa8 24. a3 Nf6 25. Rc7 Bxf3 26. Nxf3 Re8 27.
Ng5 Nd5 28. Qh4 h5 29. Qc4 bxc4 0-1

[Event "Tournoi francophone 014 Groupe B"]
[Site "Skype"]
[Date "????.??.??"]
[Round "3.2"]
[White "Mantelli, Luca"]
[Black "Gharbi, Said"]
[Result "1/2-1/2"]
[WhiteElo "1370"]
[BlackElo "1456"]
[PlyCount "94"]

1. e4 e5 2. Nf3 Nc6 3. Bc4 h6 4. O-O Bc5 5. c3 Nf6 6. d4 exd4 7. cxd4 Bb6 8. e5
Ne4 9. Re1 Ng5 10. d5 Nxf3+ 11. Qxf3 Nd4 12. Qe4 O-O 13. Bd3 f5 14. exf6 Qxf6
15. Be3 d6 16. Qh7+ Kf7 17. Nc3 Bf5 18. Bxd4 Bxh7 19. Bxf6 Bxd3 20. Bh4 Kg8 21.
a4 a5 22. Rad1 Bc2 23. Rd2 Bb3 24. Rde2 Bd4 25. Re7 Rac8 26. Nb5 Bb6 27. Nc3
Bd4 28. Nb5 Bb6 29. Nc3 Bc5 30. R1e4 Bc2 31. Rg4 g6 32. Bg3 Rfe8 33. Rxe8+ Rxe8
34. h3 c6 35. dxc6 bxc6 36. Rc4 Bd3 37. Rf4 Kg7 38. Rf3 d5 39. Rxd3 d4 40. Kh2
dxc3 41. bxc3 Ba3 42. Rd7+ Kg8 43. Rc7 Re4 44. Rxc6 Kf7 45. Bc7 Rxa4 46. Ra6
Bb2 47. Rxa5 Rc4 1/2-1/2

[Event "Tournoi francophone 014 Groupe B"]
[Site "Skype"]
[Date "????.??.??"]
[Round "3.3"]
[White "Hurtado De Mendoza, Ramon Miguel"]
[Black "Gadow, Martin"]
[Result "1-0"]
[WhiteElo "1549"]
[BlackElo "1521"]
[PlyCount "45"]

1. e4 c5 2. Nc3 a6 3. d4 cxd4 4. Qxd4 Nc6 5. Qd2 e6 6. b3 Nf6 7. f3 d6 8. Bb2
Be7 9. O-O-O O-O 10. g4 Qc7 11. h4 b5 12. Bd3 b4 13. Na4 d5 14. g5 dxe4 15.
gxf6 exd3 16. fxe7 Qxe7 17. Qxd3 Rd8 18. Qe3 Rxd1+ 19. Kxd1 Bb7 20. Nc5 Rd8+
21. Kc1 Ba8 22. Ne2 Nd4 23. Bxd4 1-0

[Event "Tournoi francophone 014 Groupe B"]
[Site "Skype"]
[Date "????.??.??"]
[Round "3.4"]
[White "Le Brun, Yves"]
[Black "Sauvaget, Joel"]
[Result "0-1"]
[WhiteElo "1338"]
[BlackElo "1290"]
[PlyCount "74"]

1. d4 d5 2. Nf3 c6 3. Bf4 Nf6 4. Nbd2 Bf5 5. e3 Nh5 6. Bg5 h6 7. Bh4 g5 8. Bg3
Nxg3 9. hxg3 Bg7 10. Ne5 Nd7 11. f4 Nxe5 12. dxe5 e6 13. g4 Bg6 14. Nf3 Qe7 15.
c3 O-O-O 16. Bd3 Bxd3 17. Qxd3 Kb8 18. g3 a6 19. O-O f6 20. a4 Rdg8 21. b4 h5
22. exf6 Bxf6 23. Ne5 h4 24. Ng6 Qh7 25. f5 hxg3 26. Kg2 Qh2+ 27. Kf3 Rh3 28.
Rg1 g2+ 29. Kf2 Qg3+ 30. Ke2 Qxg4+ 31. Kd2 Qxf5 32. Rxg2 Qxd3+ 33. Kxd3 Rxg6
34. Rf1 e5 35. Rgf2 e4+ 36. Kd2 Be5 37. Rf5 Rh2+ 0-1

[Event "Tournoi francophone 014 Groupe B"]
[Site "Skype"]
[Date "????.??.??"]
[Round "3.5"]
[White "Leyton Calderon, Jairo Oswaldo"]
[Black "Pouteau, Pascal"]
[Result "1-0"]
[WhiteElo "1526"]
[BlackElo "1345"]
[PlyCount "57"]

1. Nf3 Nf6 2. b3 d5 3. g3 Nc6 4. Bb2 Bg4 5. Bg2 e6 6. O-O Be7 7. d3 Qd7 8. Nbd2
O-O 9. Re1 Bb4 10. a3 Be7 11. b4 b5 12. c4 Rad8 13. cxb5 Nb8 14. Rc1 Rfe8 15.
Qb3 Qc8 16. Ne5 a6 17. bxa6 Nxa6 18. Nc6 Rd7 19. Nf3 Bxf3 20. Bxf3 Bd6 21. Rc2
Qb7 22. Rec1 Nb8 23. Ne5 Rde7 24. Qc3 Nbd7 25. Nc4 Rc8 26. Nxd6 cxd6 27. Qxc8+
Qxc8 28. Rxc8+ Nf8 29. Bxf6 1-0

[Event "Tournoi francophone 014 Groupe B"]
[Site "Skype"]
[Date "????.??.??"]
[Round "4.1"]
[White "Marino, Giuseppe"]
[Black "Pouteau, Pascal"]
[Result "1/2-1/2"]
[WhiteElo "1353"]
[BlackElo "1345"]
[PlyCount "46"]

1. d4 d5 2. Bf4 Bf5 3. Nf3 Nf6 4. e3 e6 5. Bd3 Ne4 6. O-O Nd7 7. h3 c5 8. c3
Qb6 9. Qc1 Rc8 10. Nbd2 Be7 11. Rb1 c4 12. Bc2 h6 13. Nxe4 Bxe4 14. Bxe4 dxe4
15. Nd2 f5 16. Qd1 Nf6 17. Qa4+ Nd7 18. Nxc4 Qc6 19. Qxc6 Rxc6 20. Ne5 Nxe5 21.
Bxe5 O-O 22. Rfc1 g5 23. a3 Rfc8 1/2-1/2

[Event "Tournoi francophone 014 Groupe B"]
[Site "Skype"]
[Date "????.??.??"]
[Round "4.2"]
[White "Sauvaget, Joel"]
[Black "Leyton Calderon, Jairo Oswaldo"]
[Result "0-1"]
[WhiteElo "1290"]
[BlackElo "1526"]
[PlyCount "74"]

1. d4 Nf6 2. c4 g6 3. e3 Bg7 4. Nf3 O-O 5. Be2 d6 6. h3 Nbd7 7. O-O c5 8. d5
Ne4 9. Bd3 f5 10. Qc2 Ndf6 11. Nbd2 Qb6 12. Rb1 Nxd2 13. Qxd2 Bd7 14. b3 e6 15.
Bb2 exd5 16. cxd5 Rae8 17. Qc2 Qd8 18. Ng5 Kh8 19. Bc4 b5 20. Bd3 Nxd5 21.
Bxg7+ Kxg7 22. Qb2+ Qf6 23. Qxf6+ Nxf6 24. Bc2 h6 25. Nf3 Bc6 26. Bd1 g5 27.
Be2 b4 28. Rfd1 Ne4 29. Rbc1 Nc3 30. Rd2 a5 31. Ne1 f4 32. Bf3 Bxf3 33. Nxf3
Re6 34. Nh2 fxe3 35. fxe3 Rxe3 36. Rxd6 Ne2+ 37. Kh1 Nxc1 0-1

[Event "Tournoi francophone 014 Groupe B"]
[Site "Skype"]
[Date "????.??.??"]
[Round "4.3"]
[White "Gadow, Martin"]
[Black "Le Brun, Yves"]
[Result "1-0"]
[WhiteElo "1521"]
[BlackElo "1338"]
[PlyCount "55"]

1. d4 d5 2. c4 c6 3. e3 Nf6 4. Nc3 Bg4 5. Be2 Bxe2 6. Qxe2 e6 7. a3 a5 8. cxd5
Nxd5 9. Nxd5 cxd5 10. Nf3 Bd6 11. Bd2 Nd7 12. O-O O-O 13. e4 dxe4 14. Qxe4 Qb8
15. h3 Nf6 16. Qe2 Bf4 17. Rad1 Nd5 18. Ne5 Bxe5 19. dxe5 Qa7 20. Qg4 Rfe8 21.
Bh6 g6 22. Qg5 b5 23. Rxd5 Qe7 24. Qxe7 Rxe7 25. Rxb5 Rd7 26. Re1 Rd4 27. Bg5
a4 28. Rc1 1-0

[Event "Tournoi francophone 014 Groupe B"]
[Site "Skype"]
[Date "????.??.??"]
[Round "4.4"]
[White "Gharbi, Said"]
[Black "Hurtado De Mendoza, Ramon Miguel"]
[Result "0-1"]
[WhiteElo "1456"]
[BlackElo "1549"]
[PlyCount "98"]

1. e4 c6 2. Bc4 d5 3. exd5 cxd5 4. Bb3 Nf6 5. d4 Bf5 6. Nf3 h6 7. O-O e6 8. c4
Be7 9. c5 O-O 10. Ne5 Nc6 11. Bf4 Nd7 12. Nxd7 Qxd7 13. Nc3 Bf6 14. Ba4 a6 15.
Bxc6 Qxc6 16. Na4 Rfe8 17. Re1 Be7 18. Qf3 Qxa4 19. Red1 Bf6 20. b3 Qd7 21. Qg3
Bg6 22. h4 Kh7 23. Re1 Bxd4 24. Rac1 Rac8 25. h5 Bf5 26. b4 Qb5 27. a3 Qd7 28.
Qh4 Bf6 29. Qh2 Bb2 30. Rcd1 Qa4 31. Qg3 Bf6 32. Qe3 Qc6 33. Qd2 Bg4 34. Qd3+
Kh8 35. Be5 Bxe5 36. Rxe5 Bxd1 37. Qxd1 Qd7 38. g4 f6 39. Re2 e5 40. Rd2 Rcd8
41. Kh2 Qe6 42. f3 Rd7 43. Rg2 Red8 44. Kh3 e4 45. f4 e3 46. f5 Qe4 47. Rg3 d4
48. Rf3 d3 49. Rg3 e2 0-1

[Event "Tournoi francophone 014 Groupe B"]
[Site "Skype"]
[Date "????.??.??"]
[Round "5.1"]
[White "Mantelli, Luca"]
[Black "Marino, Giuseppe"]
[Result "0-1"]
[WhiteElo "1370"]
[BlackElo "1353"]
[PlyCount "94"]

1. e4 b6 2. d4 Bb7 3. Nc3 a6 4. f4 d6 5. Bd3 g6 6. Nf3 Bg7 7. O-O h6 8. Be3 e6
9. Ne2 Ne7 10. c3 Nd7 11. Kf2 O-O 12. e5 dxe5 13. fxe5 Bxf3 14. Kxf3 Nd5 15.
Bd2 b5 16. a3 Rc8 17. Qc1 Kh7 18. Kf2 c5 19. Qd1 cxd4 20. cxd4 f5 21. Nf4 Nxf4
22. Bxf4 Qh4+ 23. Bg3 Qxd4+ 24. Kf3 Nxe5+ 25. Bxe5 Bxe5 26. Qd2 Qg4+ 27. Kf2
Bd4+ 28. Ke1 Rcd8 29. Qe2 Qxe2+ 30. Kxe2 Bxb2 31. Ra2 Bd4 32. Rc1 Rc8 33. Rac2
Rxc2+ 34. Rxc2 e5 35. Rc7+ Kg8 36. Rc6 e4 37. Bb1 Rf6 38. Rc8+ Kf7 39. Rd8 Bc5
40. Rc8 Bxa3 41. Rb8 Ke6 42. Rb6+ Ke5 43. Rb8 f4 44. Re8+ Re6 45. Rh8 g5 46.
Rb8 g4 47. Rf8 Bxf8 0-1

[Event "Tournoi francophone 014 Groupe B"]
[Site "Skype"]
[Date "????.??.??"]
[Round "5.2"]
[White "Hurtado De Mendoza, Ramon Miguel"]
[Black "Megelas, Florent"]
[Result "1/2-1/2"]
[WhiteElo "1549"]
[BlackElo "1539"]
[PlyCount "47"]

1. e4 c5 2. Nc3 Nc6 3. Nf3 d6 4. d4 cxd4 5. Nxd4 e5 6. Nb3 a6 7. a4 Nf6 8. f3
Be7 9. Be3 O-O 10. Qd2 Re8 11. Be2 Be6 12. Nd5 Nd4 13. Nxe7+ Qxe7 14. Nxd4 exd4
15. Bxd4 Rac8 16. O-O Nd7 17. b3 Ne5 18. Bb2 Red8 19. Rfd1 h6 20. Bf1 Qf6 21.
Qf2 Nxf3+ 22. Qxf3 Qxb2 23. Bd3 Qe5 24. Qf2 1/2-1/2

[Event "Tournoi francophone 014 Groupe B"]
[Site "Skype"]
[Date "????.??.??"]
[Round "5.3"]
[White "Le Brun, Yves"]
[Black "Gharbi, Said"]
[Result "0-1"]
[WhiteElo "1338"]
[BlackElo "1456"]
[PlyCount "88"]

1. d4 d5 2. Bf4 Bf5 3. e3 e6 4. Nf3 Nf6 5. Bd3 Bxd3 6. Qxd3 Be7 7. Nbd2 Nc6 8.
a3 O-O 9. O-O Bd6 10. Ne5 Ne7 11. Bg3 Ne4 12. Nxe4 dxe4 13. Qxe4 c6 14. f4 Qb6
15. Nd7 Qxb2 16. Nxf8 Rxf8 17. Rab1 Qxa3 18. Rb3 Qa6 19. Rc1 Nd5 20. c4 Nf6 21.
Qb1 b6 22. Bf2 Bc7 23. Rcc3 Qc8 24. Qd3 Rd8 25. Bh4 Bd6 26. Bxf6 gxf6 27. g3 f5
28. Qe2 Kh8 29. Rd3 Rg8 30. Qf3 Qa6 31. Qxc6 Be7 32. Qd7 Bh4 33. Qc7 Bxg3 34.
Qe5+ Rg7 35. hxg3 Qc8 36. c5 Qd8 37. c6 Kg8 38. Kf2 Qc8 39. Kf3 h5 40. Qd6 f6
41. e4 fxe4+ 42. Kxe4 Rc7 43. d5 exd5+ 44. Qxd5+ Rf7 0-1

[Event "Tournoi francophone 014 Groupe B"]
[Site "Skype"]
[Date "????.??.??"]
[Round "5.4"]
[White "Leyton Calderon, Jairo Oswaldo"]
[Black "Gadow, Martin"]
[Result "1-0"]
[WhiteElo "1526"]
[BlackElo "1521"]
[PlyCount "99"]

1. Nf3 Nf6 2. b3 d6 3. d4 e6 4. g3 d5 5. Bg2 Be7 6. O-O O-O 7. Bb2 Nbd7 8. Nbd2
c5 9. c4 cxd4 10. Bxd4 Bd6 11. cxd5 Nxd5 12. Rc1 Ba3 13. Rb1 Bc5 14. Qc2 Bxd4
15. Nxd4 N7f6 16. Rfd1 Ne7 17. Qb2 a6 18. Rbc1 e5 19. Nc2 Qxd2 20. Rxd2 Bf5 21.
Qxe5 Rfe8 22. Bxb7 Ng4 23. Qf4 Rab8 24. Bf3 Nf6 25. Ne3 Be6 26. Rc7 Ng6 27. Qa4
Red8 28. Rxd8+ Rxd8 29. Qxa6 Ne5 30. Bb7 g6 31. Bc8 Re8 32. Qb5 Bxc8 33. Rxc8
Rxc8 34. Qxe5 Rc6 35. Kg2 Re6 36. Qd4 h5 37. b4 Kg7 38. b5 Re4 39. Qc3 Re6 40.
a4 Kh6 41. Qc7 Kg7 42. b6 Ne8 43. Qc3+ Kh7 44. a5 Nd6 45. Qb4 Ne4 46. b7 Nxf2
47. b8=Q Ng4 48. Nxg4 hxg4 49. Qb2 Rxe2+ 50. Qxe2 1-0

[Event "Tournoi francophone 014 Groupe B"]
[Site "Skype"]
[Date "????.??.??"]
[Round "5.5"]
[White "Pouteau, Pascal"]
[Black "Sauvaget, Joel"]
[Result "1-0"]
[WhiteElo "1345"]
[BlackElo "1290"]
[PlyCount "117"]

1. Nf3 Nf6 2. d4 d5 3. Bf4 c6 4. e3 h6 5. Bd3 Nh5 6. Be5 Nd7 7. O-O Nhf6 8. Bf4
e6 9. Nbd2 Be7 10. Re1 O-O 11. Rc1 Re8 12. c4 Nf8 13. Qc2 Bd6 14. Ne5 Bxe5 15.
Bxe5 N6d7 16. Nf3 Nxe5 17. Nxe5 Re7 18. Qe2 Bd7 19. e4 Be8 20. Rc3 Rc7 21. c5
Nd7 22. Ng4 Nf6 23. e5 Nxg4 24. Qxg4 f5 25. exf6 Qxf6 26. Rxe6 Qg5 27. Qxg5
hxg5 28. Bc2 Bf7 29. Re5 g4 30. Rg3 Re8 31. Rxe8+ Bxe8 32. Rxg4 Re7 33. Kf1 Bd7
34. Rf4 a6 35. f3 Be8 36. Kf2 g6 37. Rf6 Kg7 38. Rf4 Bf7 39. Rg4 Be8 40. h4 Kh6
41. Rf4 Kg7 42. Rg4 Bd7 43. Rg5 Kh6 44. Rxg6+ Kh5 45. g4+ Kxh4 46. Rh6+ Kg5 47.
Rh5+ Kf6 48. g5+ Kg7 49. Rh7+ Kf8 50. Rxe7 Kxe7 51. f4 Kf8 52. Kg3 Kg7 53. f5
Be8 54. Kf4 Bf7 55. Ke5 Be8 56. Kd6 Kf8 57. g6 Kg7 58. Ke7 Bf7 59. gxf7 1-0

[Event "Tournoi francophone 014 Groupe B"]
[Site "Skype"]
[Date "????.??.??"]
[Round "6.1"]
[White "Marino, Giuseppe"]
[Black "Sauvaget, Joel"]
[Result "1-0"]
[WhiteElo "1353"]
[BlackElo "1290"]
[PlyCount "53"]

1. d4 d5 2. Nf3 c6 3. e3 Nf6 4. Bd3 Bg4 5. Nbd2 e6 6. c3 Be7 7. e4 dxe4 8. Nxe4
Nxe4 9. Bxe4 Nd7 10. h3 Bxf3 11. Bxf3 Nf6 12. O-O O-O 13. Bg5 Nd5 14. Bxe7 Qxe7
15. Qd2 Qh4 16. Rfe1 Rfe8 17. Re4 Qf6 18. Rae1 g6 19. c4 Nc7 20. Rf4 Qg7 21. h4
Re7 22. h5 g5 23. Rfe4 h6 24. b3 Ne8 25. d5 Rd8 26. Qb4 cxd5 27. Qxe7 1-0

[Event "Tournoi francophone 014 Groupe B"]
[Site "Skype"]
[Date "????.??.??"]
[Round "6.2"]
[White "Gadow, Martin"]
[Black "Pouteau, Pascal"]
[Result "1/2-1/2"]
[WhiteElo "1521"]
[BlackElo "1345"]
[PlyCount "69"]

1. c4 Nf6 2. d4 d5 3. Nc3 e6 4. Nf3 Be7 5. e3 O-O 6. Be2 Nbd7 7. O-O Re8 8.
cxd5 exd5 9. b3 Bb4 10. Bb2 a6 11. a3 Ba5 12. b4 Bb6 13. Na4 Qe7 14. Rc1 c6 15.
Nxb6 Nxb6 16. Ne5 Nbd7 17. Nd3 Ne4 18. f3 Nef6 19. e4 dxe4 20. fxe4 Nxe4 21.
Bf3 Ng5 22. Re1 Nxf3+ 23. Qxf3 Qd8 24. Rxe8+ Qxe8 25. Re1 Qd8 26. d5 Nf6 27.
Bxf6 gxf6 28. d6 Be6 29. Rxe6 fxe6 30. Qg3+ Kf7 31. Qf4 Kg7 32. Qg4+ Kf7 33.
Qf4 Ke8 34. Qf3 Kf7 35. Qf4 1/2-1/2

[Event "Tournoi francophone 014 Groupe B"]
[Site "Skype"]
[Date "????.??.??"]
[Round "6.3"]
[White "Gharbi, Said"]
[Black "Leyton Calderon, Jairo Oswaldo"]
[Result "0-1"]
[WhiteElo "1456"]
[BlackElo "1526"]
[PlyCount "58"]

1. e4 c5 2. c3 g6 3. d4 cxd4 4. cxd4 Bg7 5. Nf3 d6 6. Bc4 Nf6 7. e5 dxe5 8.
Nxe5 O-O 9. Qb3 e6 10. Be3 Nbd7 11. Nc3 Nxe5 12. dxe5 Ng4 13. Rd1 Qe7 14. Bf4
Nxe5 15. Bxe5 Bxe5 16. Ne4 a6 17. O-O b5 18. Be2 Bb7 19. Bf3 Bxe4 20. Bxe4 Ra7
21. f4 Bc7 22. Qh3 Rd8 23. Bd3 Bb6+ 24. Kh1 Rad7 25. Rf3 Qc5 26. Qh6 Rxd3 27.
Rdf1 Rxf3 28. gxf3 Qc4 29. Kg2 Rd2+ 0-1

[Event "Tournoi francophone 014 Groupe B"]
[Site "Skype"]
[Date "????.??.??"]
[Round "6.4"]
[White "Megelas, Florent"]
[Black "Le Brun, Yves"]
[Result "1-0"]
[WhiteElo "1539"]
[BlackElo "1338"]
[PlyCount "94"]

1. e4 c6 2. d4 d5 3. e5 Bf5 4. Bd3 Bxd3 5. Qxd3 e6 6. c3 Nd7 7. Nf3 Ne7 8. Nbd2
a5 9. a4 Qb6 10. O-O c5 11. Nb1 cxd4 12. cxd4 Nc6 13. Nc3 Nb4 14. Qe2 Be7 15.
Nb5 Rc8 16. Bd2 O-O 17. Rfc1 Rc6 18. Ng5 h6 19. Nf3 Rfc8 20. h3 Qd8 21. Na7
Rxc1+ 22. Rxc1 Rxc1+ 23. Bxc1 Qc7 24. Bd2 Qc2 25. Qb5 Nxe5 26. dxe5 Qc7 27.
Qe8+ Bf8 28. Nb5 Qe7 29. Qxe7 Bxe7 30. Nd6 b6 31. Be3 Bd8 32. Nd4 Kf8 33. Kf1
Bc7 34. N4b5 Bd8 35. Nc8 Nd3 36. Nxb6 Nxe5 37. Bc5+ Ke8 38. Nd6+ Ke7 39. Nb7+
Ke8 40. Nxd8 Kxd8 41. Bd4 f6 42. Bc3 Nc4 43. Nxc4 dxc4 44. Bxa5+ Kd7 45. Bc3
Kc6 46. Ke2 Kc5 47. Ke3 Kd5 1-0